000 00463nam a22001817a 4500
003 NUST - PNEC
005 20170116180922.0
008 150904b xxu||||| |||| 00| 0 eng d
020 _a0133537153
040 _cLIBRARY
082 _a620.104 HIB
100 _97822
_a Hibbeler, R. C.
245 _aEngineering mechanics:dynamics
_cR. C. Hibbelr
250 _a7th ed.
260 _cc.1995
650 _97825
_aMechanical engineering
_xME
942 _2ddc
_cBK
999 _c65646
_d65646